Państwa europejskie wysunięte najbardziej na południe - Statystyki

Ogólne statystyki
  • Ten quiz został rozwiązany 6 135 razy
  • Średni wynik to 9 z 10
Statystyki odpowiedzi
Szerokość Państwo % Poprawnych
34°49'N Grecja
99%
35°30'N Włochy
98%
36°00'N Hiszpania
97%
36°57'N Portugalia
96%
40°34'N Albania
91%
35°47'N Malta
90%
40°52'N Macedonia Północna
87%
41°15'N Bułgaria
86%
41°20'N Francja
82%
41°11'N Rosja
35%
Nie znaleziono quizów pasujących do podanych kryteriów
Rozkład punktacji
Procent ludzi z każdym wynikiem
Percentyl według liczby udzielonych odpowiedzi
Twoja historia wyników
Nie rozwiązałeś tego quizu